Speaking of Spain : (Record n. 23162)

Dettagli MARC
000 -LEADER
fixed length control field 01024nam a2200277 i 4500
003 - CONTROL NUMBER IDENTIFIER
control field IT-RoINE
005 - DATE AND TIME OF LATEST TRANSACTION
control field 20180312055256.0
008 - FIXED-LENGTH DATA ELEMENTS--GENERAL INFORMATION
fixed length control field 161104s2017 maub |r 001|||eng|d
020 ## - INTERNATIONAL STANDARD BOOK NUMBER
International Standard Book Number 9780674045514
040 ## - CATALOGING SOURCE
Original cataloging agency MH/DLC
Transcribing agency MH IT-RoINE
Modifying agency DLC
-- IT-RoINE
100 1# - MAIN ENTRY--PERSONAL NAME
Personal name Feros, Antonio
9 (RLIN) 7569
245 10 - TITLE STATEMENT
Title Speaking of Spain :
Remainder of title the evolution of race and nation in the Hispanic world /
Statement of responsibility, etc Antonio Feros.
246 34 - VARYING FORM OF TITLE
Title proper/short title Evolution of race and nation in the Hispanic world
260 ## - PUBLICATION, DISTRIBUTION, ETC. (IMPRINT)
Place of publication, distribution, etc Cambridge, Massachusetts :
Name of publisher, distributor, etc Harvard University Press,
Date of publication, distribution, etc 2017.
300 ## - PHYSICAL DESCRIPTION
Extent 367 p. :
Other physical details mapas ;
Dimensions 24 cm.
336 ## - CONTENT TYPE
Source rdacontent
Content type term text
337 ## - MEDIA TYPE
Source rdamedia
Media type term unmediated
338 ## - CARRIER TYPE
Source rdacarrier
Carrier type term volume
500 ## - GENERAL NOTE
General note Incluye índice.
504 ## - BIBLIOGRAPHY, ETC. NOTE
Bibliography, etc Incluye notas bibliográficas: p. 287-351.
610 24 - SUBJECT ADDED ENTRY--CORPORATE NAME
Corporate name or jurisdiction name as entry element España.
Title of a work Constitución, 1812
9 (RLIN) 14209
650 #4 - SUBJECT ADDED ENTRY--TOPICAL TERM
Topical term or geographic name as entry element Nacionalismo
9 (RLIN) 10066
Geographic subdivision España
General subdivision Historia
650 #4 - SUBJECT ADDED ENTRY--TOPICAL TERM
Topical term or geographic name as entry element Racismo
Geographic subdivision España
General subdivision Historia
9 (RLIN) 45723
651 #4 - SUBJECT ADDED ENTRY--GEOGRAPHIC NAME
Geographic name España
9 (RLIN) 38300
General subdivision Colonias
Geographic subdivision América
General subdivision Historia
942 ## - ADDED ENTRY ELEMENTS (KOHA)
Item type Monografías
Dati di copia
Withdrawn status Lost status Damaged status Not for loan Home library Current library Date acquired Total Checkouts Full call number Barcode Date last seen Price effective from Koha item type
        Iglesia Nacional Española en Roma Iglesia Nacional Española en Roma 12/03/2018   HIS.ESP.3. 553 48262 12/03/2018 12/03/2018 Monografías